[Event "RUS-ch sf 58th"]
[Site "Kazan"]
[Date "2005.09.05"]
[Round "3"]
[White "Yemelin, Vasily"]
[Black "Smirnov, Pavel"]
[Result "1/2-1/2"]
[WhiteElo "2530"]
[BlackElo "2635"]
[Annotator "Rogozenco,D"]
[PlyCount "46"]
[EventDate "2005.09.03"]
[EventType "swiss"]
[EventRounds "9"]
[EventCountry "RUS"]
[SourceTitle "CBM 109"]
[Source "ChessBase"]
[SourceDate "2005.11.14"]
[SourceVersion "1"]
[SourceVersionDate "2005.11.14"]
[SourceQuality "1"]

1. e4 c5 2. Nf3 Nc6 3. d4 cxd4 4. Nxd4 Nf6 5. Nc3 e5 6. Ndb5 d6 7. Bg5 a6 8.
Na3 b5 9. Nd5 Be7 10. Bxf6 Bxf6 11. c3 O-O 12. Nc2 Rb8 13. h4 Be7 14. Bd3 (14.
g3 Be6 15. Bg2 Qd7 16. O-O Bd8 17. Qd3 a5 $11) (14. a3 Be6 15. Ncb4 Nxb4 16.
axb4 Ra8 17. g3 Qd7 18. Bg2 (18. Nb6 $2 Qb7) 18... Bd8 19. O-O Qc6 $11 {
Topalov-Leko, Dortmund 2005}) (14. Nce3 Be6 15. a4 Qd7 $1 (15... bxa4 16. Qxa4
$14) 16. axb5 axb5 17. Bd3 Bd8 18. Ra6 (18. Nf5 Ne7 $1 $11) (18. Bc2 b4 $11) (
18. h5 h6 $11) 18... Qc8 $1 (18... b4 $2 19. Qa4 $16) (18... Ne7 19. Bc2 $14 {
/=}) 19. Qa1 Ne7 $11) 14... Be6 15. Nce3 Qd7 16. Qf3 Bd8 17. Rd1 {Karjakin was
successful with this set-up on the White side in two games of the latest
European Championship. However, in the second encounter Black came well
prepared and even got advantage after the opening. Yemelin makes an attempt to
improve, but he does not achieve anything sensible and calls it a day.} Ne7 18.
Bc2 b4 {This pawn sac was prepared by Eljanov against Karjakin. It is probably
the most precise way for Black.} (18... a5 19. h5 Bxd5 20. Nxd5 Nxd5 21. Rxd5
b4 22. O-O (22. h6 g6 23. Qd3 $14) (22. Qd3 $14) 22... bxc3 23. Qxc3 (23. bxc3
$14) 23... Bb6 24. Qxe5 dxe5 25. Rxd7 Rfd8 26. Re7 Re8 $14 {1/2-1/2 Stefan,B 
(2155)-Jianu,V (2300)/Romania 2001}) (18... Bxd5 19. Nxd5 Nxd5 20. Rxd5 b4 21.
Qd3 bxc3 22. bxc3 $14 Rb6 23. Bb3 a5 24. g3 Qc7 25. O-O Be7 26. Re1 Rc6 27. Re3
Kh8 28. Rf3 g6 29. Rb5 Rc5 30. Rxc5 dxc5 31. Qd5 Qd6 32. Qc4 f6 33. Rd3 Qc7 34.
h5 $16 {1-0 Karjakin,S (2635)-Moiseenko,A (2665)/Warsaw 2005 (72)}) 19. Bb3
$146 (19. Nxb4 a5 20. Nd3 Qc6 21. Bb1 (21. h5 Bxa2 $13 (21... f5 22. Qh3 (22.
exf5 e4 $19) 22... Bb6 $44)) (21. O-O Bxa2 $15) 21... f5 22. exf5 (22. Qh3 Bc8
(22... Qxe4 $2 23. Nc5 $18) 23. exf5 e4 24. Nf4 Rxb2 25. O-O Nxf5 $17) 22... e4
23. Qg4 Nxf5 24. Nf4 {Here Eljanov missed the best moves twice in a row. Later
he made more mistakes and lost this important play-off rapid game.} Bc8 (24...
Rxb2 $1 {[%cal Gc6c3]} 25. O-O Bc8 $17) 25. Nxf5 Bxf5 (25... Rxf5 {[%csl Rb2]}
26. Rd2 Rxb2 27. Rxb2 Qxc3+ 28. Rd2 Rxf4 {(the point)} 29. Qg3 (29. Qxf4 Qc1+
30. Ke2 Ba6+ 31. Ke3 Bb6+ 32. Kxe4 Qxh1 $17) 29... Bf6 $17 {[%cal Gf6e5]}) 26.
Qe2 $13 {1-0 Karjakin,S (2635)-Eljanov,P (2641)/Warsaw 2005 (51)}) (19. cxb4
Bxd5 (19... Bb6 20. Nxb6 Rxb6 21. a3 a5 $44) 20. Nxd5 Nxd5 21. Rxd5 Rxb4 22.
Bb3 a5 $11) 19... bxc3 20. bxc3 Bb6 ({If} 20... Qc8 {(keeping an eye on pawn
h4 for the moment)} 21. Nxe7+ (21. O-O Nxd5 22. Bxd5 Bxh4 $15) ({After} 21. h5
$2 Nxd5 $17 {White must either allow ...Bg4, or lose pawn c3 with check.})
21... Bxe7 22. Nd5 (22. Bxe6 $2 Qxc3+ 23. Kf1 fxe6 $19) 22... Bd8 {[%cal Ge6g4]
} 23. Qd3 {White can claim an edge thanks to his control of square d5.}) 21.
Nxe7+ (21. O-O Bxe3 22. Qxe3 Nxd5 (22... a5 23. Rd2 a4 $2 24. Bxa4 Qxa4 25.
Nxe7+ $16) 23. Bxd5 Rfc8 $11) 21... Qxe7 22. Nf5 (22. Nd5 {With his
dark-squared bishop on the diagonal a7-g1, Black can abandon square d5 and
trade his light-squared bishop:} Bxd5 23. Bxd5 Bc5 $11) 22... Bxf5 23. Qxf5 Bc5
{The position is equal. However, such games as Topalov-Leko, Dortmund 2005 and
Volokitin-Van Wely, Merida 2005 showed that even in equal positions (with
opposite coloured bishops) of the 9.Nd5 line in Sveshnikov Sicilian Black
should not relax too early. Here too, the position is completely equal, but it
is rather Black who will probably spend a bit more time finding the right
moves and plans.} 1/2-1/2

[Event "Enghien les Bains"]
[Site "Enghien les Bains"]
[Date "2003.06.16"]
[Round "4"]
[White "Polgar, Judit"]
[Black "Lautier, Joel"]
[Result "1-0"]
[WhiteElo "2715"]
[BlackElo "2666"]
[Annotator "Rogozenco,D"]
[PlyCount "75"]
[EventDate "2003.06.13"]
[EventType "tourn"]
[EventRounds "9"]
[EventCountry "FRA"]
[EventCategory "17"]
[SourceTitle "CBM 096"]
[Source "ChessBase"]
[SourceDate "2003.09.25"]
[SourceVersion "1"]
[SourceVersionDate "2003.09.25"]
[SourceQuality "1"]

1. e4 c5 2. Nf3 Nc6 3. d4 cxd4 4. Nxd4 Nf6 5. Nc3 e5 6. Ndb5 d6 7. Bg5 a6 8.
Na3 b5 9. Bxf6 gxf6 10. Nd5 f5 11. Bd3 Be6 12. Qh5 Rg8 13. g3 Rg5 (13... Rg4)
14. Qd1 {One of the newest attempts to fight against Sveshnikov Sicilian,
although 14.Qd1 was first played back in 1980. If one needs new ideas, the
simplest way to discover them is to look at old games... The arising positions
are extremely sharp and strategically complicated.} (14. Qxh7 $6 {Here Black
has a lot of attractive continuations, the most energetic being 14...Nd4,
which points best the isolated position of white queen on h7.}) 14... Bxd5 (
14... Rg4 $6 {Here this move makes practically no sense if comparing with 13...
Rg4, where it has the main idea to cut White's queen off on h5.} 15. f3 Rg8 16.
Qd2 Rc8 17. c3 h5 18. Nc2 $16 {1-0 Vallejo Pons,F-Moreno Carnero,J/Cala
Galdana 1999 (36)}) 15. exd5 Ne7 16. c3 {White's point of the maneuver
Qd1-h5-d1 is that black rook on g5 is too exposed and it is not easy at all
for Black to coordinate his pieces.} (16. Nxb5 Qb6 17. Na3 Qxb2 18. Nc4 Qc3+ {
and Black was doing fine, although mutual innacuracies followed in Polgar,
J-Leko,P/Budapest 2003.}) 16... Bh6 {Leko's move. After other continuations
Black couldn't show a clear route to equality yet, although I believe that
after both 16...Bg7 and 16...Qb6 Black has enough resources.} (16... Bg7 17. h4
(17. Be2 Rc8 18. Nc2 Rc5 19. a4 Nxd5 20. axb5 axb5 21. Nb4 $44 {/=, 1/2-1/2
Medvedev,V-Klovans,J/URS-chT1 corr 1988 (42)}) 17... Rg6 18. Nc2 e4 19. Be2 Qc7
20. a4 b4 $1 21. h5 Rh6 22. cxb4 Qb7 23. b5 Bxb2 24. Rb1 Bc3+ 25. Kf1 a5 $13 {
1-0 Sideif Sade,F-Yurtaev,L/Dnepropetrovsk 1980 (42). This was the first game
which saw the retreat 14.Qd1.}) (16... e4 17. f4 Rg6 (17... Rg8 18. Be2 Qb6 19.
Nc2 Bg7 20. Qd2 Bf6 21. a3 $14 {1-0 Bezgodov,A-Tolstikh,N/Samara 2000/CBM 78 
(80)}) 18. Be2 $14 {1/2-1/2 Bezgodov,A-Smirnov,P/Samara 2000 (88)}) (16... Qb6
17. Nc2 e4 18. Be2 f4 19. Qd2 Rxd5 20. Qxf4 Re5 21. O-O Bg7 22. Kh1 $13 {
1-0 Grischuk,A-Krasenkow,M/Wijk aan Zee 2003 (48)}) 17. Be2 ({The point of 16..
.Bh6 can be seen after} 17. Nc2 e4 18. Be2 f4 {when White does not have the
typical Qd2, see for instance Grischuk-Krasenkow (16...Qb6).}) 17... Rc8 $146 (
17... Qb6 18. Nc2 Kf8 19. a4 $36 {1-0 Acs,P-Leko,P/Budapest 2003 (37)}) 18. c4
(18. Nc2 Rc5 19. Nb4 (19. a4 Rxd5 20. Qb1 {is an interesting idea, pointed out
by Acs, when White has compensation for the pawn.}) 19... Qa8 (19... Kf8 $5) (
19... a5 20. f4 (20. Na6 Rxd5 21. Bxb5+ Kf8 $17 (21... Rxb5 $2 22. Qa4 Qd7 23.
Qxb5 Qxb5 24. Nc7+ $18)) 20... Rg6 21. Nc6 Qa8 22. Bf3 e4 $132) 20. f4 Rg8 (
20... Rg6 $5) 21. fxe5 dxe5 $13) 18... f4 {"Cleaning" the fifth rank to
justify the rook on g5.} (18... Qa5+ 19. Kf1 Kf8 (19... b4 20. Nc2 Qc5 {
or 20...Qb6, looks also good for Black.}) 20. cxb5 axb5 21. Nxb5 Rc5 22. Nc3
Nxd5 $13 {Of course all these unbalanced positions are impossible to evaluate
precisely, but it looks like everywhere Black's chances are not worse.}) (18...
b4 $2 19. Qa4+ Kf8 20. Qxb4) 19. cxb5 e4 20. gxf4 Qa5+ (20... Rxd5 $5 21. Qa4
Bg7 (21... axb5 22. Nxb5 Kf8 23. Nc3 Ra5 24. Qxe4 Bg7 {with some compensation
as well}) 22. bxa6+ Kf8 23. Nc4 Ng6 $44) 21. Kf1 Rxd5 22. Qe1 Qc7 {The plan to
transfer the queen on h3 turned out to be wrong. White will place the rook on
g2 and Black won't have enough time to use the pin. In fact the position is
still unclear and even in endgame Black has compensation for minimal material
disadvantage. 22...Qc7 is not bad at all, but it was connected with the wrong
idea.} (22... Qxe1+ 23. Rxe1 axb5 24. Bxb5+ Kf8 25. Rxe4 Rb8 $44 ({or} 25...
Ng6)) (22... Qd2 $5 23. Qxd2 Rxd2 24. bxa6 d5 $5 $44) 23. bxa6 Qd7 $2 {This is
the real mistake.} ({Black had to play} 23... Bxf4 24. Qb4 (24. Bb5+ Kf8 25.
Qxe4 Bc1 $1 {and suddenly Black has counterplay. Besides the threat Bxb2,
which by the way isn't at all easy to parry, Black also has additional idea
Rd1+.} 26. Rb1 (26. Rg1 $2 Rd1+ 27. Kg2 Rxg1+ 28. Kxg1 Bxb2) (26. Qxh7 $2 Rxb5
27. Nxb5 Qc4+ 28. Kg2 Qd5+ 29. Kg1 Qg5+ 30. Kf1 Qxb5+ $19) 26... Bxb2 $1 $13)
24... f5 25. f3 {with a total mess.}) 24. Rg1 $1 Qh3+ 25. Rg2 $16 Bxf4 26. Qb4
$1 {[%csl Re4] As usual, the losing side fails by just one tempo to create
enough counterthreats.} (26. Bg4 Qd3+ 27. Kg1 $16 {was also possible, but 26.
Qb4 is even stronger.}) 26... Bxh2 (26... Rg5 27. Qxe4 d5 28. Qf3 $18) (26...
f5 {The drawback of this advance is that Rd5-g5 won't be possible anymore.} 27.
a7 $18) 27. Bg4 Qd3+ 28. Be2 Qh3 29. Bg4 Qd3+ 30. Ke1 $18 Nc6 (30... e3 31.
Bxc8 Nxc8 (31... exf2+ 32. Kxf2 $18) 32. f3 {[%cal Gb4e4]}) (30... f5 31. Bh5+
Kd7 32. Rxh2 $18) 31. Qb7 Qd2+ 32. Kf1 Qd3+ 33. Be2 Qh3 34. Rc1 Rg5 35. Bg4 {
The final subtlety. Even tactical motifs work out for White...} Qd3+ 36. Ke1 e3
37. Bd7+ Ke7 38. Bf5+ 1-0

[Event "Enghien les Bains"]
[Site "Enghien les Bains"]
[Date "2003.06.16"]
[Round "4"]
[White "Fressinet, Laurent"]
[Black "Gelfand, Boris"]
[Result "0-1"]
[WhiteElo "2595"]
[BlackElo "2700"]
[Annotator "Rogozenco,D"]
[PlyCount "64"]
[EventDate "2003.06.13"]
[EventType "tourn"]
[EventRounds "9"]
[EventCountry "FRA"]
[EventCategory "17"]
[SourceTitle "CBM 096"]
[Source "ChessBase"]
[SourceDate "2003.09.25"]
[SourceVersion "1"]
[SourceVersionDate "2003.09.25"]
[SourceQuality "1"]

1. e4 c5 2. Nf3 Nc6 3. d4 cxd4 4. Nxd4 Nf6 5. Nc3 e5 6. Ndb5 d6 7. Bg5 a6 8.
Na3 b5 9. Bxf6 gxf6 10. Nd5 f5 11. c3 Bg7 12. exf5 Bxf5 13. Nc2 O-O 14. Nce3
Be6 15. Bd3 f5 16. Qh5 e4 17. Bc2 Ne7 18. Rd1 b4 $1 19. Nxb4 {The latest
developments (including the present game) clearly show that after this most
principled move White has absolutely no advantage, which means that the move
18...b4 neutralizes completely 18.Rd1.} (19. cxb4 Nxd5 20. Nxd5 Bxb2 $11) (19.
O-O bxc3 20. bxc3 Kh8 $11) 19... a5 20. Nbd5 Nxd5 21. Nxd5 Rb8 {Black has a
good play.} 22. Bb3 a4 23. Bxa4 Rxb2 24. Bb3 Kh8 $5 $146 {An ambitious move,
which shows that Black can even hope for more than a draw.} (24... Bxd5 {
Practically leads to a draw by force:} 25. Bxd5+ Kh8 26. O-O Bxc3 27. Be6 Qe8
$1 $11 {The precise move.} 28. Qxe8 Rxe8 29. Bxf5 Re5 30. Rc1 Rxf5 31. Rxc3
Rxa2 32. f3 exf3 33. Rcxf3 {1/2-1/2 Van der Wiel,J-Cmilyte,V/Wijk aan Zee 2003}
) 25. O-O f4 $44 {White must be very careful here, since Black has more than
enough compensation for the pawn. Together with the rook on b2, Black's
central pawns present a real danger for White.} 26. Rfe1 $2 (26. c4 Rf5 $44) (
26. Rb1 $1 {White had to change this active rook.}) 26... Rf5 27. Qg4 e3 $1 $19
{[%cal Gb2g2,Gf5g5] Cleaning the second rank.} 28. Rxe3 {Desperation. Black
wins easily.} (28. fxe3 Rg5 29. Qxe6 (29. Qf3 Bg4 30. Qe4 f3 $5 $19) 29...
Rgxg2+ {and mate}) 28... fxe3 29. Nxe3 h5 $1 (29... Bxb3 $2 30. Nxf5 {[%csl
Rg7]}) 30. Qg6 (30. Qh3 Bxb3 31. Nxf5 Bxd1 $19) 30... Rf6 31. Qxh5+ Rh6 32. Qf3
Qh4 0-1

[Event "FRA-ch Pool B"]
[Site "Marseille"]
[Date "2001.08.15"]
[Round "3"]
[White "Bauer, Christian"]
[Black "Nataf, Igor Alexandre"]
[Result "1-0"]
[WhiteElo "2576"]
[BlackElo "2527"]
[Annotator "Rogozenco,D"]
[PlyCount "89"]
[EventDate "2001.08.13"]
[EventType "tourn"]
[EventRounds "7"]
[EventCountry "FRA"]
[EventCategory "13"]
[SourceTitle "CBM 085"]
[Source "ChessBase"]
[SourceDate "2001.11.13"]
[SourceVersion "1"]
[SourceVersionDate "2001.11.13"]
[SourceQuality "1"]

1. e4 c5 2. Nf3 Nc6 3. d4 cxd4 4. Nxd4 e5 5. Nb5 d6 6. N1c3 a6 7. Na3 b5 8. Nd5
Nf6 9. Bg5 Be7 10. Bxf6 Bxf6 11. c3 Bb7 (11... Ne7 12. Nxf6+ gxf6 13. Nc2 Bb7 {
- transposition to the game.}) 12. Nc2 Ne7 13. Nxf6+ gxf6 14. Bd3 d5 15. exd5
Qxd5 16. Ne3 Qe6 17. a4 $5 {Played first by an unknown player in the Moscow
Olympiad (the game is given below), this move is a serious alternative to the
main 17.Qh5.} (17. Qh5 O-O-O 18. Bc2 Kb8 (18... f5 $5 19. Nxf5 (19. Rd1 f4 $11
{Shabalov-Sermek/Nova Gorica/1999}) 19... Kb8 $44 {Leko-Nijboer/Ter Apel/1996})
19. Bb3 Qb6 20. Rd1 (20. Qxf7 Ng6 21. Bd5 Bc8 22. O-O Nf4 $6 (22... Rd7 23. Qe6
Rd6 24. Qf7 Rd7 $11) 23. Qg7 Rhe8 24. Rfd1 Rd7 25. Qh6 Red8 26. Bf3 Bb7 27.
Bxb7 Kxb7 28. Rxd7+ Rxd7 29. Rd1 Rf7 30. g3 Ng6 31. Nf5 $18 {1-0 Holmsten,
A-Nataf,I/Cappelle la Grande FRA 2001 (42)}) 20... Ng6 21. O-O Nf4 22. Qxf7 {
1/2-1/2 Ye Jiangchuan-Krasenkow,M/Shenyang 1999}) 17... f5 {This novelty gives
up material for the initiative. However, Black's king will be not very safe
and the whole action is rather dubious.} (17... Rd8 18. Qc2 e4 (18... b4 $6 19.
Bc4 Qb6 20. a5 Qc6 21. Qb3 O-O 22. Qxb4 Ng6 23. O-O Nf4 24. f3 Rd2 25. Rfd1 $2
(25. Rad1 $18) 25... Qd7 $2 (25... Rxg2+ $1) 26. Qb6 $18 {1-0 Shabalov,
A-Gamboa,N/New York 2000 (29)}) 19. Be2 O-O (19... f5 {was played in the
practice with acceptable results.} 20. axb5 f4 21. bxa6 Bc6 22. Nd1 O-O 23. Qc1
f3 24. Bf1) 20. axb5 axb5 21. O-O (21. Bxb5) 21... f5 22. g3 Ng6 23. Rfd1 f4
24. gxf4 Nxf4 25. Rxd8 Rxd8 26. Rd1 Nd3 27. Bf1 Kh8 28. Bg2 f5 29. c4 b4 30. c5
f4 31. Nc4 Rg8 32. Kh1 e3 {0-1 Abdu,T-Lhagvasuren,C/Moscow 1994}) 18. axb5 f4
19. bxa6 Bc6 {The pawn on a6 is not dangerous yet, but every material trading
will bring White closer to victory - the endgames are hopeless for Black.} 20.
Bc4 (20. Nc4 Bxg2 21. Rg1 (21. Nd6+ Kf8 22. Rg1 Bd5 $16 (22... Bc6 23. Bc4 Bd5
24. Bxd5 Nxd5 25. Ne4 $18)) 21... Bd5 22. Be4 Bxe4 23. Nd6+ $18) 20... Qg6 21.
Ng4 {From practical point of view probably the easiest way to win. White
destroyes the opponent's pawn center.} f6 22. Qe2 h5 (22... Bxg2 23. Rg1 Bc6
24. O-O-O $18) 23. Nxe5 fxe5 24. Qxe5 $18 {Four pawns for the piece and an
attack makes the position winning for White.} Qe4+ (24... Rh7 25. O-O-O $18)
25. Qxe4 Bxe4 26. O-O {The rest is easy - Black will never be able to give a
piece for White's three passed pawns on the queenside. His only hope is to
create counterplay along the g-file, but White is much quicker on the opposite
side.} Rh7 27. Rfe1 Bc6 28. b4 Rg7 29. g3 Rg5 30. Rab1 Bb5 31. Bxb5+ Rxb5 32.
c4 Rbb8 33. b5 Kf7 34. Rbd1 Ra7 35. Re5 h4 36. gxf4 Rc7 37. Kg2 Ng6 38. Re4 Ne7
39. Kf3 Nc8 40. Rd8 Rb6 41. Rh8 Kg7 42. Rh5 h3 43. Ke3 Rb8 44. f5 Ne7 45. Re6
1-0

[Event "Asia-ch"]
[Site "Kolkata"]
[Date "2001.08.17"]
[Round "11"]
[White "Kunte, Abhijit"]
[Black "Hossain, Enamul"]
[Result "1/2-1/2"]
[WhiteElo "2547"]
[BlackElo "2353"]
[Annotator "Rogozenco,D"]
[PlyCount "77"]
[EventDate "2001.08.09"]
[EventType "swiss"]
[EventRounds "11"]
[EventCountry "IND"]
[SourceTitle "CBM 085"]
[Source "ChessBase"]
[SourceDate "2001.11.13"]
[SourceVersion "1"]
[SourceVersionDate "2001.11.13"]
[SourceQuality "1"]

1. e4 c5 2. Nf3 Nc6 3. d4 cxd4 4. Nxd4 Nf6 5. Nc3 e5 6. Ndb5 d6 7. Bg5 a6 8.
Na3 b5 9. Bxf6 gxf6 10. Nd5 f5 11. Bd3 Be6 12. O-O Bxd5 13. exd5 Ne7 14. c3 Bg7
15. Qh5 e4 16. Bc2 O-O 17. Rae1 Qc8 18. Bb3 {White defends d5 and prepares
Nc2-e3. On the other hand the bishop belongs to b1-h7 diagonal, so 18.Bb3 can
hardly create serious problems.} a5 (18... Ng6 {is the old Krasenkow's move,
which also gives Black enough chances.} 19. f4 (19. Nc2 $11) 19... exf3 20.
Rxf3 f4 (20... Re8 21. Ref1 f4 22. Rh3 h6 23. Nc2 Qc5+ 24. Kh1 a5 25. a3 Re4
26. Nd4 Bxd4 27. cxd4 Qxd4 28. Bc2 Re5 29. Qxh6 Qf2 30. Bd3 Re1 31. Qh7+ Kf8
32. Qh6+ Kg8 33. Qh7+ {1/2-1/2 Van Blitterswijk,S-De Vreugt,D/Amsterdam 1996 
(33)}) 21. Rh3 h6 22. Nc2 Re8 23. Re6 a5 24. a3 b4 25. a4 bxc3 26. bxc3 Rb8 27.
Nd4 Qc5 28. Rxg6 $2 fxg6 29. Qxg6 Re1+ 30. Kf2 Rbe8 $19 {0-1 Sznapik,
A-Krasenkow,M/Slupsk 1992/ (33)}) 19. Nxb5 (19. Qg5 Ng6 (19... Qb7 $5) 20. Nxb5
a4 21. Bd1 Qc5 22. c4 Qxc4 23. Nxd6 Qxa2 24. Re2 $1 (24. Nxf5 Qxb2 25. Rxe4 a3
$132) 24... Qxd5 25. Nxf5 Ra5 26. g4 $16 {1-0 Bruzon,L-Handke,F/Oropesa del
Mar 1999 (53)} (26. Qxg6 $2 hxg6 27. Ne7+ Kh7 28. Nxd5 Rxd5 29. Rxe4 Bxb2 30.
Bxa4 Kg7 $11)) 19... a4 20. Bd1 Qc5 21. c4 (21. Nd4 Qxd5 22. Qg5 Qe5 23. f4 Qf6
24. g4 d5 25. a3 Rfb8 26. Re2 Qxg5 27. fxg5 fxg4 28. Ref2 Bxd4 29. cxd4 Nc6 30.
Bxg4 Ra7 31. Bh5 Nxd4 32. Bxf7+ Rxf7 33. Rxf7 Nf3+ 34. R1xf3 exf3 35. Rxf3 Rxb2
36. Rf4 Rb1+ 37. Kg2 Rb2+ {1/2-1/2 Nunn,J-McShane,L/Hastings 1998/CBM 63 (37)})
(21. Be2 f4 (21... Nxd5 22. Qxf5 Nxc3 23. Qxc5 Nxe2+ 24. Rxe2 dxc5 25. Rxe4
Bxb2 26. Rg4+ Kh8 27. Rc4 $16 {[%csl Ra4,Rc5][%cal Gb5d6,Gd6f5]}) 22. b4 axb3
23. axb3 f5 24. b4 Qb6 25. c4 Ng6 26. c5 dxc5 27. bxc5 Qxc5 28. Rc1 Qb4 29. d6
f3 30. Bc4+ Kh8 31. Nc7 Rac8 (31... Nf4 $5) 32. g3 e3 33. Qxf3 Qxd6 34. Ne6
exf2+ 35. Qxf2 $2 (35. Kg2 Rxc4 36. Nxf8) 35... Rxc4 36. Rxc4 (36. Nxf8 Rxc1
$19 {[%cal Gg7d4]}) 36... Qxe6 $17 {0-1 Pilgaard,K-Bokros,A/Budapest 1999 (44)}
) 21... Qxc4 22. Be2 Qxa2 23. Qg5 Ng6 24. Nxd6 Qxb2 25. Nxf5 Bf6 (25... Bc3 26.
Rc1 (26. Qc1 a3 $17) 26... Bd2 (26... a3 $5) 27. Rc2 Bxg5 28. Rxb2 a3 $15 {
/-/+ o^a.}) 26. Rb1 $6 Qe5 (26... Bxg5 {and we reach position from the
previous line:} 27. Rxb2 a3 28. Ra2 Ne7 $5 {When only Black can play for a win.
}) 27. Qg4 a3 28. Bc4 Qf4 ({Why not 28. ... a2?} 28... a2 29. Ra1 Qc7 (29...
Qxa1 30. Rxa1 Bxa1 {Also looks winning for Black.}) 30. Qxe4 Bxa1 31. Rxa1 Qe5
32. Qxe5 Nxe5 33. Bxa2 Rfb8 $19) 29. Qh5 $2 a2 30. Bxa2 Rxa2 31. d6 {The
d-pawn is not worth a piece of course.} Bg5 (31... Ne5 $5) (31... Qg5 {The
safest way was to trade queens, when Black should be winning.}) 32. Rb5 $1 Qd2
$2 (32... Rfa8 $19) 33. Ng3 f5 $2 {This weakens 7th rank} 34. Rb7 Rf7 35. Rxf7
Kxf7 36. h4 (36. Qxh7+ Kf6 37. Nh5+ Ke5 38. Qg7+ $1 (38. Qxg6 $4 Qxf2+ 39. Rxf2
Ra1+ 40. Rf1 Be3+ 41. Kh1 Rxf1#) 38... Kd5 39. d7 {suddenly White was very
close to win in this line.}) 36... Bxh4 37. Qxf5+ Kg7 38. Nxe4 Qf4 39. Qxf4 (
39. Qxf4 Nxf4 40. g3 Ne2+ 41. Kg2 Bd8 {will probably end up in a draw, so
players agreed it immediately. Still Black has no risks, so why not to play on?
}) 1/2-1/2